000 00500nam a22002177a 4500
003 UA-OsUOA
001 82193
007 ta
008 20120224b un ||||| |||| 00| 0 ukr d
100 _aГорохня Д.
090 _a330
_bГ70
942 _cSA
040 _aUA-OsUOA
_brus
_cUA-OsUOA
_dUA-OsUOA
245 _aДеньги и рынок
300 _aС.127-142
955 _a0
041 _arus
080 _a330
773 0 _w82187
650 7 _a330 Економіка взагалі
_2UDC
999 _c368495
_d368495